Aeschynomene (Fabacaeae, Papilionoideae) no estado de Goiás, Brasil (Registro n. 332307)
[ somente texto ]
| 000 -LÍDER | |
|---|---|
| fixed length control field | 02509nab a2200241 i 4500 |
| 003 - CÓDIGO MARC DA AGÊNCIA CATALOGADORA | |
| Campo de controle | BR-BrBNA |
| 005 - DATA E HORA DA ÚLTIMA ATUALIZAÇÃO | |
| Campo de controle | 20250630094939.0 |
| 008 - CAMPO DE TAMANHO FIXO | |
| fixed length control field | 250630b2018 bl.qr|pooa||| 00| 0 por | |
| 040 ## - FONTE DA CATALOGAÇÃO | |
| Agência catalogadora | BR-BrBNA |
| Idioma da catalogação | por |
| 072 ## - CATEGORIA AGRIS | |
| Código AGRIS | F70 |
| 100 ## - ENTRADA PRINCIPAL - NOME PESSOAL | |
| Nome pessoal | Antunes, Lorena Lana Camelo |
| 100 ## - ENTRADA PRINCIPAL - NOME PESSOAL | |
| Nome pessoal | Silva, Marcos José da |
| 245 ## - TÍTULO PRINCIPAL | |
| Título principal | Aeschynomene (Fabacaeae, Papilionoideae) no estado de Goiás, Brasil |
| 500 ## - NOTA GERAL | |
| Nota geral | Publicação on-line; 22 ref.; 24 illus.; Summaries (En, Pt) |
| 942 ## - ADDED ENTRY ELEMENTS (KOHA) | |
| Koha item type | Analítica |
| 520 ## - NOTA DE RESUMO | |
| Nota de conteúdo | <br/><br/>Resumo<br/><br/>A partir de metodologia usual em taxonomia vegetal é apresentado o tratamento taxonômico das espécies<br/>de Aeschynomene presentes do estado de Goiás. Foram registradas 26 espécies correspondentes a 33 táxons,<br/>quatro deles endêmicos (A. nana, A. genistoides var. latifoliola, A. simplicifolia e A. veadeirana) e dez<br/>novos registros (A. evenia var. evenia, A. mollicula, A. montevidensis, A. parviflora, A. rudis, A. sensitiva var. sensitiva, <br/>A. sensitiva var. amazonica, A. sensitiva var. hispidula, A. viscidula e A. vogelii). Descrições,<br/>ilustrações, uma chave para os táxons, comentários sobre seus habitats, épocas de floração e frutificação e<br/>relacionamentos morfológicos, além de mapas de distribuição são apresentados.<br/><br/>Palavras-chave: Dalbergieae, Leguminosae, savana brasileira, taxonomia.<br/><br/><br/><br/><br/>Abstract<br/><br/>Based on usual methods in plant taxonomy, the taxonomic treatment of Aeschynomene species of Goiás state is<br/>here presented. 26 species were recorded corresponding to 33 taxa, four of them endemic (A. nana, A. genistoides <br/>var. latifoliola, A. simplicifolia and A. veadeirana) and ten new records to the state (A. evenia var. evenia, A.<br/>mollicula, A. montevidensis, A. parviflora, A. rudis, A. sensitiva var. sensitiva, A. sensitiva var. amazonica, A.<br/>sensitiva var. hispidula, A. viscidula e A. vogelii). Descriptions, illustrations, a key for the taxa, comments on<br/>their habitats, flowering and fruiting periods, morphological relationships, and distribution maps are provided.<br/><br/>Key words: Dalbergieae, Leguminosae, Brazilian savannah, taxonomy. |
| 650 ## - ASSUNTO - THESAGRO | |
| Cabeçalho tópico ou nome geográfico | LEGUMINOSAE |
| 650 ## - ASSUNTO - THESAGRO | |
| Cabeçalho tópico ou nome geográfico | CERRADO |
| 650 ## - ASSUNTO - THESAGRO | |
| Cabeçalho tópico ou nome geográfico | TAXONOMIA |
| 773 0# - ENTRADA ANALÍTICA | |
| Host Biblionumber | 709 |
| Registro do item | 351158 |
| Imprenta | Rio de Janeiro-RJ Jardim Botanico do Rio de Janeiro 1935 |
| Outro identificador | 2025-3781 |
| Título | Rodriguésia (Brazil) |
| ISSN | 0370-6583; 2175-7860 on-line |
| Colação | v. 69(4) p. 2163-2207; (2018) |
| Número de controle de registro | BR2025003086 |
| 856 ## - ACESSO E ENDEREÇO ELETRÔNICO | |
| Identificador uniforme de recurso - URI | https://www.scielo.br/j/rod/a/sMvxf6nQ7NGXMm3VyBxVZVJ/?format=pdf&lang=pt |
Nenhum exemplar disponível.

BINAGRI